Govt. of
Madhya Pradesh

The First Indian Author In English (Record no. 15619)

MARC details
000 -LEADER
fixed length control field 005230000a22001930004500
001 - CONTROL NUMBER
control field 003725
003 - CONTROL NUMBER IDENTIFIER
control field MACL
005 - DATE AND TIME OF LATEST TRANSACTION
control field 20150909125856.0
008 - FIXED-LENGTH DATA ELEMENTS--GENERAL INFORMATION
fixed length control field 150909b xxu||||| |||| 00| 0 eng d
040 ## - CATALOGING SOURCE
Original cataloging agency MACL
Transcribing agency MACL
041 ## - LANGUAGE CODE
Language code of text/sound track or separate title English
082 ## - DEWEY DECIMAL CLASSIFICATION NUMBER
Classification number 820/FIS
100 ## - MAIN ENTRY--PERSONAL NAME
Personal name Fisher, Michael H.
9 (RLIN) 9504
245 ## - TITLE STATEMENT
Title The First Indian Author In English
Remainder of title Dean Mahomed 1759-1851
Statement of responsibility, etc. Michael H. Fisher
260 ## - PUBLICATION, DISTRIBUTION, ETC. (IMPRINT)
Place of publication, distribution, etc. New Delhi
Date of publication, distribution, etc. 1996
Name of publisher, distributor, etc. Oxford University Press,
350 ## - PRICE (NR) (BK AM CF MU VM SE) [OBSOLETE]
Price 425
650 ## - SUBJECT ADDED ENTRY--TOPICAL TERM
Topical term or geographic name as entry element Literature
9 (RLIN) 9505
942 ## - ADDED ENTRY ELEMENTS (KOHA)
Call number prefix 820
Koha item type Books
Source of classification or shelving scheme
Holdings
Withdrawn status Lost status Source of classification or shelving scheme Damaged status Not for loan Home library Current library Date acquired Cost, normal purchase price Total Checkouts Full call number Barcode Date last seen Uniform Resource Identifier Price effective from Koha item type
          MACL MACL 15/04/2015 425.00   820/FIS CRE010498 02/05/2024 15520 15/04/2015 Books